000 00743nam a2200277Ia 4500
003 OSt
005 20221005081148.0
006 a|||||r|||| 00| 0
007 ta
008 221004b |||||||| |||| 00| 0 eng d
020 _a8120308824
024 _a26679
037 _cTextual
040 _aCRL
_cCRL
_beng
041 _2eng
_aeng
082 _aD65,8(B):71W, N2
100 _aSenior John M.
245 0 _aOptical fiber communications
_b Principles and practice
250 _a2nd
260 _aNew Delhi
_bPrentice Hall of India India
_c1992
300 _a921p.
_ccm.
650 _a ENGINEERING
650 _aCOMMUNICATION
942 _hD65,8(B):71W, N2
_cTEXL
_2cc
999 _c987290
_d987290